LIBRARY & INFORMATION CENTRE, KCAET, TAVANUR

ONLINE PUBLIC ACCESS CATALOGUE (OPAC)

Principles and practices of surveying, Vol 1 / (Record no. 5260)

MARC details
000 -LEADER
fixed length control field 00442cam a2200169ua 4500
003 - CONTROL NUMBER IDENTIFIER
control field OSt
008 - FIXED-LENGTH DATA ELEMENTS--GENERAL INFORMATION
fixed length control field 250415b |||||||| |||| 00| 0 eng d
041 ## - LANGUAGE CODE
Language code of text/sound track or separate title eng
082 ## - DEWEY DECIMAL CLASSIFICATION NUMBER
Classification number 624.1517
Item number BRE/PR
100 ## - MAIN ENTRY--AUTHOR NAME
Personal name Breed, Charles B .
245 ## - TITLE STATEMENT
Title Principles and practices of surveying, Vol 1 /
250 ## - EDITION STATEMENT
Edition statement 9 /
260 ## - PUBLICATION, DISTRIBUTION, ETC. (IMPRINT)
Place of publication London :
Name of publisher John Wiley & Sons ,
Year of publication 1958.
300 ## - PHYSICAL DESCRIPTION
Number of Pages 717 ; .
700 1# - ADDED ENTRY--PERSONAL NAME
Personal name Hosmer , George L.
942 ## - ADDED ENTRY ELEMENTS (KOHA)
Koha item type Books
Holdings
Withdrawn status Lost status Damaged status Home library Current library Date acquired Full call number Accession Number Koha item type
      KAUAET KAUAET 07/04/2012 624.1517 BRE/PR 5961 Books
free website counter